000 00577nam a2200181Ia 4500
008 090123s9999 xx 000 0 und d
082 _b23930
_a891.463/काळे
100 _aकाळे वैजयंती वामन
245 _aसार्थक
250 _a1
260 _bराजेंद्र प्रकाशन
_c1994
300 _a190
600 _aकाळे वैजयंती वामन
630 _aसार्थक
700 _aकाळे वैजयंती वामन
730 _aसार्थक
942 _cBOOK
999 _c62001
_d62001